| 000 | 00565nam a2200181 a 4500 | ||
|---|---|---|---|
| 008 | 951030s1990||||[C 0 slo c | ||
| 020 | _c27 | ||
| 040 |
_aSNK _bslo _cSNK _eAACR2 |
||
| 041 | 1 |
_aslo _hslo |
|
| 044 |
_axo _cSK |
||
| 080 | _a802.0(075.4) | ||
| 100 | 1 |
_aMaříková, Mária _4aut |
|
| 245 | 1 | 0 |
_aAngličtina pre jazykové školy a kurzy. 2. časť _cMária Maříková ; Miroslav Cipár, Peter Moravčík |
| 260 |
_aBratislava _bSPN _c1990 _eBratislava _fDanubiaprint |
||
| 700 | 1 |
_aCipár, Miroslav _4bkd |
|
| 700 | 1 |
_aMoravčík, Peter _4bkd |
|
| 958 | _aA | ||
| 999 |
_c19220 _d19220 |
||